Marker-assisted selection : (Record no. 11428)

000 -LEADER
fixed length control field 01429cam a22002177a 4500
020 ## - INTERNATIONAL STANDARD BOOK NUMBER
ISBN 9789251057179
020 ## - INTERNATIONAL STANDARD BOOK NUMBER
ISBN 9251057176
040 ## - CATALOGING SOURCE
Transcribing agency VPI
082 ## - DEWEY DECIMAL CLASSIFICATION NUMBER
Classification number 338 FOO 2007 A016 Or.
245 00 - TITLE STATEMENT
Title Marker-assisted selection :
Remainder of title current status and future perspectives in crops, livestock, forestry and fish /
260 ## - PUBLICATION, DISTRIBUTION, ETC. (IMPRINT)
Place of publication Rome :
Name of publisher Food and Agriculture Organization of the United Nations,
Year of publication 2007.
300 ## - PHYSICAL DESCRIPTION
Number of Pages xix, 471 p. :
Other physical details ill. (some col.) ;
Dimensions 25 cm.
520 ## - SUMMARY, ETC.
Summary, etc This book provides a comprehensive description and assessment of the use of marker-assisted selection for increasing the rate of genetic gain in crops, livestock, forestry and farmed fish, including the related policy, organizational and resource considerations. It continues FAO's tradition of dealing with issues of importance to agricultural and economic development in a multidisciplinary and cross-sectoral manner. As such it is hoped that the information and options presented and the suggestions made will provide valuable guidance to scientists and breeders in both the public and private sectors, as well as to government and institutional policy and decision-makers.
650 #0 - SUBJECT ADDED ENTRY--TOPICAL TERM
Topical Term Genetic markers
650 #0 - SUBJECT ADDED ENTRY--TOPICAL TERM
Topical Term Genetic markers
650 #0 - SUBJECT ADDED ENTRY--TOPICAL TERM
Topical Term Genetic engineering
700 1# - ADDED ENTRY--PERSONAL NAME
Personal name Guimarães, Elcio P.
710 2# - ADDED ENTRY--CORPORATE NAME
Corporate name or jurisdiction name as entry element Food and Agriculture Organization of the United Nations.
856 41 - ELECTRONIC LOCATION AND ACCESS
Uniform Resource Identifier http://www.fao.org/docrep/010/a1120e/a1120e00.htm
942 ## - ADDED ENTRY ELEMENTS (KOHA)
Koha item type សៀវភៅភាសាអង់គ្លេស
952 ## - LOCATION AND ITEM INFORMATION (KOHA)
Withdrawn status [LOCAL, KOHA] 0
Holdings
Permanent Location Date acquired Koha item type Lost status Shelving location Barcode Current Location Full call number
Library Block A2017-08-02សៀវភៅភាសាអង់គ្លេស A016RUA060108Library Block A338 FOO 2007 A016 Or.
មជ្ឈមណ្ឌលឯការនៃសាកលវិទ្យាល័យភូមិន្ទកសិកម្មចំការដូង

Powered by Koha